000 00903nam a2200217 i 4500
001 134757
003 ES-MaACL
005 20230906194735.0
007 t|
008 070913s1948 sp ||||1| spa d
080 _a72(460.22)(09)(042)
100 1 _aYarza García, José de.
_9117585
245 1 0 _aAportación de la familia de los Yarza a la arquitectura y urbanismo de Aragón /
_cdiscurso de ingreso por... D. José de Yarza García ; contestación por... D. Miguel Ángel Navarro Pérez.
260 _aZaragoza :
_b[s.n.],
_c1948 (
_fImp. Octavio y Félez)
300 _a49 p., 28 h. de lám. ;
_c24 cm.
594 _aPrecede al tít.: Real Academia de Nobles y Bellas Artes de San Luis.
650 4 _aArquitectura-
_zAragón.
_9174568
700 1 _aNavarro Pérez, Miguel Angel.
_985161
710 2 _aReal Academia de Nobles y Bellas Artes de San Luis.
_96333
852 4 _aES-MaACL
_j1889-F-4
999 _c134757
_d134757